| 000 | 01772nam a22004577a 4500 | ||
|---|---|---|---|
| 003 | CHAP | ||
| 005 | 20220817044324.0 | ||
| 008 | 100308s2000 mx a r 00010 spa d | ||
| 010 | _a97687 | ||
| 011 | _a98659 | ||
| 035 | _a109344 | ||
| 040 | _cCHAP | ||
| 082 | 0 | 0 |
_a634.25 _bF96 |
| 110 | 1 | _aFundación Salvador Sánchez Colín. CICTAMEX | |
| 245 | 1 | 0 |
_aGuía técnica para la producción de durazno en la región sur del Estado de México _c/por Fundación Salvador Sánchez Colín CICTAMEX |
| 260 |
_aCoatepec Harinas, Méx. : _bCICTAMEX, _c[2000?] |
||
| 300 |
_a77 p. : _bilus. |
||
| 590 |
_aBATCH-UPD _b10 _c20130110 _lUCH01 _h0859 |
||
| 590 |
_aBATCH-UPD _b10 _c20130410 _lUCH01 _h0529 |
||
| 590 |
_aBATCH-UPD _b10 _c20130913 _lUCH01 _h1911 |
||
| 590 |
_aCONVERSION _b10 _c20130109 _lUCH01 _h1354 |
||
| 650 | 1 | 4 |
_aAclareos. _9615 |
| 650 | 1 | 4 |
_aControl de plagas. _927595 |
| 650 | 1 | 4 |
_aCosecha. _928441 |
| 650 | 1 | 4 |
_aDensidad de siembra. _931812 |
| 650 | 1 | 4 |
_aDurazno _xEfecto del clima. _934591 |
| 650 | 1 | 4 |
_aDurazno _xEnfermedades. _934594 |
| 650 | 1 | 4 |
_aDurazno _xInjertos. |
| 650 | 1 | 4 |
_aDurazno _xMéxico (Edo.) _934616 |
| 650 | 1 | 4 |
_aDurazno _xPlagas. _934620 |
| 650 | 1 | 4 |
_aDurazno _xVariedades. _934631 |
| 650 | 1 | 4 |
_aMalas hierbas _xControl. _970011 |
| 901 | _aBK | ||
| 911 | _aen proceso | ||
| 942 | _cLIBRO | ||
| 949 |
_a634.25 F96 _bBC _cLIBRO _d33724002114694 _eLIBRO _fc.2 _gI.c/e _h112078 _i109344 _si |
||
| 949 |
_a634.25 F96 _bBC _cLIBRO _d33724002114736 _eLIBRO _gI.c/e _h112055 _i109344 _so |
||
| 949 |
_a634.25 F96 _bBC _cLIBRO _d33724002114777 _eLIBRO _fc.3 _gI.c/e _h112497 _i109344 _si |
||
| 949 |
_a634.25 F96 _bBC _cLIBRO _d33724002114819 _eLIBRO _fc.4 _gI.c/e _h112498 _i109344 _si |
||
| 949 |
_a634.25 F96 _bBC _cLIBRO _d33724002114850 _eLIBRO _fc.5 _gI.c/e _h112499 _i109344 _si |
||
| 999 |
_c97687 _d97687 |
||